| 000 | 01991cam a2200385 a 4500 | ||
|---|---|---|---|
| 001 | 15308878 | ||
| 003 | OSt | ||
| 005 | 20170105102908.0 | ||
| 008 | 080529s2009 njub b 001 0 eng | ||
| 010 | _a 2008023715 | ||
| 015 |
_aGBA907837 _2bnb |
||
| 016 | 7 |
_a014888865 _2Uk |
|
| 020 | _a9780691135892 (hardcover : alk. paper) | ||
| 020 | _a0691135894 (hardcover : alk. paper) | ||
| 035 | _a(OCoLC)ocn229467524 | ||
| 040 |
_aDLC _cDLC _dBTCTA _dYDXCP _dUKM _dC#P _dBWX _dCDX _dLNT _dDLC |
||
| 043 |
_aa------ _aee----- _aaw----- |
||
| 050 | 0 | 0 |
_aDS329.4 _b.B43 2009 |
| 082 | 0 | 0 |
_a958 _222 _bBEC 2009 |
| 100 | 1 |
_aBeckwith, Christopher I., _d1945- |
|
| 245 | 1 | 0 |
_aEmpires of the Silk Road : _ba history of Central Eurasia from the Bronze Age to the present / _cChristopher I. Beckwith. |
| 260 |
_aPrinceton : _bPrinceton University Press, _cc2009. |
||
| 300 |
_axxv, 472 p. : _bmap ; _c24 cm. |
||
| 500 | _aMap on lining papers. | ||
| 504 | _aIncludes bibliographical references (p. 427-455) and index. | ||
| 505 | 0 | _aPrologue: The hero and his friends -- The chariot warriors -- The royal Scythians -- Between Roman and Chinese legions -- The age of Attila the Hun -- The Türk empire -- The Silk Road, revolution, and collapse -- The Vikings and Cathay -- Chinggis Khan and the Mongol conquests -- Central Eurasians ride to a European sea -- The road is closed -- Eurasia without a center -- Central Eurasia reborn -- Epilogue: The Barbarians -- Appendix A: The Proto-Indo-Europeans and their diaspora -- Appendix B: Ancient Central Eurasian ethnonyms. | |
| 651 | 0 |
_aAsia, Central _xHistory. |
|
| 651 | 0 |
_aEurope, Eastern _xHistory. |
|
| 651 | 0 |
_aEast Asia _xHistory. |
|
| 651 | 0 |
_aMiddle East _xHistory. |
|
| 856 | 4 | 1 |
_3Table of contents only _uhttp://www.loc.gov/catdir/toc/ecip0819/2008023715.html |
| 906 |
_a7 _bcbc _corignew _d1 _eecip _f20 _gy-gencatlg |
||
| 942 |
_2ddc _cBK |
||
| 999 |
_c14960 _d14960 |
||